000 00811cam a2200229 4500
005 20220228090549.0
008 081220s2002 mx 000 0 spa u
020 _a9703201997
050 0 4 _aJC311
_bI34 2002
245 0 3 _aLa Identidad nacional mexicana como problema político y cultural :
_blos desafíos de la pluralidad /
_ccoord. Raúl Béjar y Héctor Rosales,
250 _a1a ed.
260 _aMéxico :
_bUniversidad Nacional Autónoma de México,
_c2002
300 _a414 p. ;
_c21 cm.
490 0 _aMultidisciplina
504 _aBibliografía
650 7 _2LEMB
_aIdentidad Nacional
_x Discursos
650 7 _2LEMB
_aNacionalismo
_zMéxico
651 7 _2LEMB
_aMéxico
_xPolítica y gobierno
700 1 _aBéjar, Raúl,
_ecoord.
700 1 _aRosales, Héctor,
_ecoord.
942 _2lcc
_cLIB
999 _c160678
_d160676